Statistics for Top 20 Countries with Longest Rail Tunnels

Click here to take the quiz!

General Stats

  • This quiz has been taken 220 times
    (192 since last reset)
  • The average score is 16 of 20

Answer Stats

kmcountrymiles% Correct
12.5United States7.8
97%
50.3France31.3
96%
38.8China24.1
95%
53.9Japan33.5
95%
15.3Russia9.5
95%
50.3United Kingdom31.3
95%
57.1Switzerland35.5
93%
19.8Italy12.3
92%
28.4Spain17.6
92%
14.7Canada9.1
90%
11.2India7.0
88%
23.8Austria14.8
85%
14.6Norway9.1
74%
13.5Australia8.4
72%
50.3South Korea31.3
72%
13.6Turkey8.5
66%
19.2Uzbekistan11.9
63%
13.5Finland8.4
55%
13.5South Africa8.4
46%
14.7Peru9.1
35%

Score Distribution

Percentile by Number Answered

Percent of People with Each Score

Your Score History

You have not taken this quiz since the last reset